|
|
|
|
| LEADER |
00000nam a2200000 a 4500 |
| 001 |
UCX2586 |
| 003 |
CL-VaPUC |
| 008 |
910627e19540000CL |||||||||||||||||spa|d |
| 082 |
0 |
4 |
|a 320.98
|b ARC
|2 21
|
| 100 |
0 |
|
|a Arciniegas, Germán
|e author
|9 318576
|
| 245 |
1 |
0 |
|a Entre la libertad y el miedo
|
| 250 |
|
|
|a 3a. ed
|
| 300 |
|
|
|a 419 p
|
| 942 |
|
|
|c BK
|
| 945 |
|
|
|d 19910627 00:00:00
|
| 260 |
|
|
|a Santiago
|b Pacífico
|c 1954
|
| 650 |
|
0 |
|a Política y gobierno
|9 255151
|
| 651 |
|
0 |
|a América Latina
|9 255027
|
| 583 |
|
|
|a last modification
|c 19910627 00:00:00
|k Rodrigo Vera
|
| 999 |
|
|
|c 223578
|d 223576
|
| 952 |
|
|
|0 0
|1 0
|4 0
|6 320_980000000000000_ARC_1954
|7 0
|8 A
|9 219520
|a BIBHIS
|b BIBHIS
|d 2019-11-15
|i 2882280
|l 4
|o 320.98 ARC 1954
|p 2882280
|r 2025-01-20
|s 2021-09-27
|w 2019-11-15
|y BK
|k HIS
|